[Event "BCF-ch"]
[Site "Plymouth"]
[Date "1989.??.??"]
[Round "?"]
[White "Ledger, Andrew"]
[Black "Ward, Christopher"]
[Result "1-0"]
[WhiteElo "2225"]
[BlackElo "2380"]

1.e4 c5 2.Nf3 d6 3.Bb5+ Bd7 4.Bxd7+ Qxd7 5.O-O Nc6 6.c3 Nf6 7.d4 cxd4 8.cxd4 d5
9.e5 Ng8 10.Nc3 e6 11.a3 Nge7 12.Nh4 Ng6 13.Nxg6 hxg6 14.b4 Be7 15.Qd3 O-O
16.Re1 Rfc8 17.Bd2 a6 18.Re3 Na7 19.h4 Rc4 20.Rh3 Rac8 21.h5 g5 22.Rg3 Qc6
23.Ne2 Qb5 24.a4 Qb6 25.Bxg5 Bf8 26.Bf6 Kh8 27.Qf3 Rxd4 28.h6 Bxb4 29.hxg7+ Kg8  1-0

[Event "Rubinstein mem"]
[Site "Polanica Zdroj"]
[Date "1989.??.??"]
[Round "8"]
[White "Tseitlin, Mikhail S"]
[Black "Dvoirys, Semen I"]
[Result "1-0"]
[WhiteElo "2460"]
[BlackElo "2470"]

1.e4 c5 2.Nf3 d6 3.Bb5+ Nc6 4.O-O Bd7 5.Re1 Nf6 6.c3 a6 7.Ba4 b5 8.Bc2 e5
9.a4 b4 10.d4 cxd4 11.cxd4 Bg4 12.Be3 exd4 13.Bxd4 Bxf3 14.gxf3 Be7 15.Be3 O-O
16.Nd2 d5 17.Rc1 Qd7 18.exd5 Nxd5 19.Nc4 Rad8 20.Nb6 Qe6 21.Qd3 Nf6 22.Qf5 Qd6
23.Red1 Qb8 24.Nd7 Rxd7 25.Rxd7 g6 26.Qh3 Bd6 27.Bxg6 hxg6 28.Rxc6 Nxd7 29.Qxd7 Bxh2+
30.Kg2 Rd8 31.Qg4 Be5 32.Rxa6 Bxb2 33.Rb6 Qe5 34.Qxb4 Bd4 35.Rb5 Qd6 36.Qxd6 Rxd6
37.a5 Kg7 38.f4 Bxe3 39.fxe3 Rd2+ 40.Kf3 f5 41.a6 Ra2 42.Rb7+ Kf6 43.a7 Ke6
44.Kg3 Kf6 45.Rc7 Ra1 46.Kf2 Ra2+ 47.Ke1 Ke6 48.Kd1 Kd6 49.Rg7 Kd5 50.Kc1 Kc4
51.Kb1 Ra6 52.Kb2 Rb6+ 53.Kc2 Ra6 54.Rc7+ Kd5 55.Kc3 Kd6 56.Rg7 Kc5 57.Kd3 Ra3+
58.Ke2 Kc4 59.Kf3 Kd3 60.Re7 Kd2 61.Kg3 Ke2 62.Kh4 Kf3 63.Kg5 Ra6 64.Kh6 Kg4
65.Kh7 Kh5 66.Kg8 Ra3 67.Rh7+ Kg4 68.Kf8 Kf3 69.Ke8  1-0

[Event "POL-ch (Women)"]
[Site "Poznan"]
[Date "1989.??.??"]
[Round "15"]
[White "Sikora Gizynska, Bozena"]
[Black "Jagodzinska, Joanna"]
[Result "1/2-1/2"]
[WhiteElo "2215"]
[BlackElo "2140"]

1.e4 c5 2.Nf3 d6 3.Bb5+ Bd7 4.Bxd7+ Qxd7 5.O-O Nc6 6.d4 cxd4 7.Nxd4 Nf6 8.Nc3 g6
9.Nf3 Bg7 10.Qe2 O-O 11.Rd1 Qc8 12.Nd5 Re8 13.c3 Nxd5 14.exd5 Ne5 15.Nxe5 Bxe5
16.Be3 a6 17.a4 Qf5 18.a5 Bf4 19.Bxf4 Qxf4 20.Rd4 Qf5 21.Qd2 Rad8 22.Qh6 Qf6
23.Rh4 Qg7 24.Qe3 e5 25.dxe6 Rxe6 26.Re4 Rde8 27.Rxe6 Rxe6 28.Qf3 Qe5 29.g3 Re7
30.Kg2 Kg7 31.Ra4 Qb5 32.Rb4 Qxa5 33.Rxb7 Rxb7 34.Qxb7 Kf6 35.Qe4 h5 36.h3 Qc5  1/2-1/2

[Event "Prague op"]
[Site "Prague"]
[Date "1989.??.??"]
[Round "8"]
[White "Hosticka, Frantisek"]
[Black "Brychta, Ivan"]
[Result "1/2-1/2"]
[WhiteElo "2235"]
[BlackElo "2355"]

1.e4 c5 2.Nf3 d6 3.Bb5+ Nc6 4.O-O e6 5.c3 Qb6 6.Ba4 Nf6 7.Re1 Be7 8.d4 Nd7
9.d5 Nce5 10.dxe6 Nxf3+ 11.Qxf3 fxe6 12.Nd2 Qa6 13.Bb3 Ne5 14.Qg3 O-O 15.f4 Ng6
16.Nf3 c4 17.Bc2 Qb6+ 18.Kh1 e5 19.f5 Nf4 20.Nd2 Qd8 21.Qf3 b5 22.a4 Bd7
23.axb5 Bxb5 24.g3 Ne6 25.Qe2 Nc5 26.b3 cxb3 27.Qxb5 bxc2 28.Qc4+ d5 29.exd5 Bd6
30.Ne4 Nxe4 31.Qxe4 Qc8 32.Qxc2 Rxf5 33.Be3 Rf7 34.c4 Bc5 35.Bxc5 Qxc5 36.Rf1 Raf8
37.Rxf7 Rxf7 38.Kg2 Qe3 39.Rf1 e4 40.Rxf7 Kxf7 41.Qa4  1/2-1/2

[Event "CSR-ch int"]
[Site "Prague"]
[Date "1989.??.??"]
[Round "15"]
[White "Haba, Petr"]
[Black "Conquest, Stuart"]
[Result "1/2-1/2"]
[WhiteElo "2480"]
[BlackElo "2490"]

1.e4 c5 2.Nf3 d6 3.Bb5+ Bd7 4.Bxd7+ Qxd7 5.c4 Nc6 6.d4 cxd4 7.Nxd4 Nf6 8.f3 e6
9.Nc3 Be7 10.Be3 O-O  1/2-1/2

[Event "Ragusa op"]
[Site "Ragusa"]
[Date "1989.??.??"]
[Round "?"]
[White "Basagic, Zlatko"]
[Black "Mrdja, Milan"]
[Result "0-1"]
[WhiteElo "2375"]
[BlackElo "2440"]

1.e4 c5 2.Nf3 d6 3.Bb5+ Nd7 4.O-O a6 5.Bxd7+ Bxd7 6.c4 Bc6 7.Nc3 b5 8.Qe2 Qb6
9.d3 e6 10.Be3 Qb7 11.Nd2 Nf6 12.a4 b4 13.Nd1 Be7 14.Nb3 Qc7 15.f3 Nd7 16.Nd2 Bf6
17.Ra2 O-O 18.b3 Rfe8 19.Nf2 a5 20.f4 Be7 21.g4 d5 22.Nf3 dxe4 23.dxe4 f6
24.Nd2 Rad8 25.Nd3 Bb7 26.Rf3 f5 27.Nf2 Nf6 28.g5 Nxe4 29.Ndxe4 Bxe4 30.Nxe4 fxe4
31.Rh3 g6 32.Rd2 Bf8 33.Rxd8 Rxd8 34.Qg4 Qf7 35.Kg2 Rd3 36.Bf2 Rd2 37.Kf1 Bd6
38.Ke1 Rb2 39.Re3 Qf5 40.Qd1 Qxf4 41.Re2 Rxe2+ 42.Qxe2 Be7 43.Be3 Qe5 44.Qd2 Kf7
45.Qd7 Qc3+ 46.Kf2 Qxb3 47.Bxc5 Qf3+ 48.Ke1 Qh1+ 49.Kd2 Qxh2+ 50.Kc1 Qf4+
51.Kc2 Qxg5 52.Bxe7 Qxe7 53.Qb5 Qc7 54.c5 Qh2+ 55.Kc1 Qg1+ 56.Kc2 Qf2+ 57.Kd1 Qf3+
58.Kc2 Qc3+ 59.Kb1 Qd3+ 60.Kb2 Qxb5  0-1

[Event "Reykjavik"]
[Site "Reykjavik"]
[Date "1989.??.??"]
[Round "?"]
[White "Arnason, Jon L"]
[Black "Watson, William N"]
[Result "1/2-1/2"]
[WhiteElo "2550"]
[BlackElo "2505"]

1.e4 c5 2.Nf3 d6 3.Bb5+ Bd7 4.Bxd7+ Qxd7 5.O-O e6 6.c3 Nf6 7.Qe2 Nc6 8.d4 cxd4
9.cxd4 d5 10.e5 Ne4 11.Be3 Be7 12.Rd1 O-O 13.Ne1 f5 14.f3 Ng5 15.Nd3 Nf7
16.Nc3 Rac8 17.Rac1 Na5 18.b3 Nc6 19.Na4  1/2-1/2

[Event "Salamanca"]
[Site "Salamanca"]
[Date "1989.??.??"]
[Round "?"]
[White "Polgar, Judit"]
[Black "Gomez Esteban, Juan Mario"]
[Result "0-1"]
[WhiteElo "2555"]
[BlackElo "2460"]

1.e4 c5 2.Nf3 d6 3.Bb5+ Bd7 4.Bxd7+ Qxd7 5.O-O Nc6 6.c3 d5 7.exd5 Qxd5 8.d4 e6
9.Be3 cxd4 10.cxd4 Nf6 11.Nc3 Qa5 12.Ne5 Be7 13.Qf3 Rc8 14.Qg3 O-O 15.Rfe1 Rfd8
16.Rad1 Nxe5 17.dxe5 Nd5 18.Bh6 Bf8 19.Ne4 Ne7 20.Nd6 Nf5 21.Nxf5 exf5 22.h4 Qxa2
23.Rxd8 Rxd8 24.h5 Qa4 25.f3 Rd1 26.Bxg7 Rxe1+ 27.Kh2 Bxg7 28.h6 Qf4  0-1

[Event "Slupsk"]
[Site "Slupsk"]
[Date "1989.??.??"]
[Round "1"]
[White "Pedzich, Dominik"]
[Black "Pisulinski, Jan"]
[Result "1/2-1/2"]
[WhiteElo "2360"]
[BlackElo "2400"]

1.e4 c5 2.Nf3 d6 3.Bb5+ Bd7 4.Bxd7+ Nxd7 5.O-O Ngf6 6.Qe2 e6 7.c3 Be7 8.d4 O-O
9.Rd1 Qc7 10.e5 Nd5 11.c4 Nb4 12.exd6 Bxd6 13.Nc3 a6 14.Be3 cxd4 15.Bxd4 Rfd8
16.Ne4 Be7 17.h3 Rac8 18.b3 Nc6 19.Bc3 Nc5 20.Nxc5 Bxc5 21.Rxd8+ Rxd8  1/2-1/2

[Event "Slupsk"]
[Site "Slupsk"]
[Date "1989.??.??"]
[Round "11"]
[White "Pedzich, Dominik"]
[Black "Grabarczyk, Bogdan"]
[Result "1-0"]
[WhiteElo "2360"]
[BlackElo "2345"]

1.e4 c5 2.Nf3 d6 3.Bb5+ Nd7 4.d4 a6 5.Bxd7+ Bxd7 6.Nc3 cxd4 7.Qxd4 Nf6 8.Bg5 Qa5
9.O-O h6 10.b4 Qd8 11.Bxf6 gxf6 12.Nd5 Rc8 13.Rfe1 Rg8 14.c4 Bg7 15.Rab1 Bg4
16.Qc3 h5 17.Nd4 h4 18.Nf5 Bf8 19.Re3 h3 20.Rg3 e5 21.Qc1 hxg2 22.Nfe3 Bh6
23.Rxg4 Rxg4 24.Nxf6+ Qxf6 25.Nxg4 Qh4 26.Nxh6 Kd7 27.Nf5 Qh7 28.Qg5  1-0

[Event "JUG-ch (Women)"]
[Site "Split"]
[Date "1989.??.??"]
[Round "13"]
[White "Misanovic, Vesna"]
[Black "Nikolin, Zorica"]
[Result "1-0"]
[WhiteElo "2285"]
[BlackElo "2240"]

1.e4 c5 2.Nf3 d6 3.Bb5+ Bd7 4.Bxd7+ Nxd7 5.O-O Ngf6 6.Re1 g6 7.c3 Bg7 8.d4 cxd4
9.cxd4 d5 10.e5 Ne4 11.Nc3 Nxc3 12.bxc3 Nb6 13.e6 f6 14.Qd3 Qc7 15.Rb1 O-O-O
16.Rb5 Kb8 17.Rc5 Qd6 18.g3 g5 19.Nh4 gxh4 20.Bf4 Qxf4 21.gxf4 Bh6 22.Qf3 Rhg8+
23.Kf1 f5 24.h3 Rg6 25.a4 Nc4 26.Rxc4 dxc4 27.Rb1 b6 28.Qc6 Rgg8 29.a5 Rd6
30.Qxc4 Rc8 31.Qa6 Rcc6 32.d5 Rxd5 33.axb6 Rxb6 34.Rxb6+ axb6 35.Qxb6+  1-0

[Event "St Ingbert op"]
[Site "St Ingbert"]
[Date "1989.??.??"]
[Round "6"]
[White "Kovacevic, Dragan"]
[Black "Ivanov, Alexander"]
[Result "1-0"]
[WhiteElo "2285"]
[BlackElo "2460"]

1.e4 c5 2.Nf3 d6 3.Bb5+ Nc6 4.O-O Bd7 5.Re1 a6 6.Bxc6 Bxc6 7.d4 cxd4 8.Nxd4 Nf6
9.Nxc6 bxc6 10.c4 g6 11.Nc3 Bg7 12.Qd3 O-O 13.h3 Nd7 14.Be3 Qa5 15.Bd2 Nc5
16.Qc2 Qb6 17.Rab1 a5 18.Be3 Qb4 19.Bxc5 Qxc5 20.Na4 Qg5 21.Rbd1 c5 22.b3 Be5
23.Rd3 h5 24.Rf3 f5 25.exf5 Rxf5 26.Rxf5 gxf5 27.Qd3 e6 28.Nxc5 Re8 29.Nd7 Bf4
30.c5 Kf7 31.cxd6 Rg8 32.Qf3 Bxd6 33.Rd1 Bc7 34.Nc5 Rd8 35.Re1 Re8 36.Ne4 Qg6
37.h4 Kg8 38.Ng5 Bd8 39.Qc6 Bxg5 40.hxg5 Re7 41.f4 h4 42.Rd1 Qh5 43.Rd6 Kf7
44.Qc3 Qg6 45.Qh8  1-0

[Event "Sverdlovsk"]
[Site "Sverdlovsk"]
[Date "1989.??.??"]
[Round "?"]
[White "Machulsky, Anatoly D"]
[Black "Rashkovsky, Nukhim N"]
[Result "1/2-1/2"]
[WhiteElo "2465"]
[BlackElo "2520"]

1.e4 c5 2.Nf3 d6 3.Bb5+ Bd7 4.Bxd7+ Nxd7 5.O-O Ngf6 6.Qe2 e6 7.b3 Be7 8.Bb2 O-O
9.d4 cxd4 10.Nxd4 a6 11.c4 Qb6 12.Rd1 Nc5 13.Nc3 Rfe8 14.Rac1  1/2-1/2

[Event "SWZ-ch int"]
[Site "?"]
[Date "1989.??.??"]
[Round "12"]
[White "Keller, Dieter"]
[Black "Nemet, Ivan"]
[Result "0-1"]
[WhiteElo "2420"]
[BlackElo "2420"]

1.e4 c5 2.Nf3 d6 3.Bb5+ Nc6 4.O-O a6 5.Bxc6+ bxc6 6.d4 cxd4 7.Qxd4 e5 8.Qd3 Nf6
9.c4 Nd7 10.Be3 Be7 11.Nc3 O-O 12.b4 Nb6 13.a4 Be6 14.Nd2 f5 15.b5 fxe4 16.Qxe4 axb5
17.axb5 c5 18.Ra6 Rxa6 19.bxa6 Qa8 20.Rb1 Qxa6 21.Qc6 Qa5 22.Qc7 Rf7 23.Nd5 Bxd5
24.cxd5 Qa8 25.Qxb6 Qxd5 26.Qa6 h6 27.Qe2 Bf8 28.Qg4 Rf6 29.Rd1 Qe6 30.Qxe6+ Rxe6
31.Ne4 Kf7 32.f3 g5 33.Kf2 Rg6 34.Kg3 Ke6 35.Kg4 c4 36.Kh5 Rg7 37.Nc3 Rb7
38.g4 Rb2 39.Kg6 Rxh2 40.Nd5 Rh3 41.f4 gxf4 42.Bxf4 Rh4 43.Nf6 Be7 44.Bg3 Bxf6
45.Bxh4 Bxh4 46.Kxh6 e4 47.g5 d5 48.g6 Bf6 49.Rb1 c3 50.Rb6+ Ke5 51.Kh7 e3
52.Rxf6 Kxf6 53.g7 c2 54.g8=Q c1=Q 55.Qg6+ Ke5 56.Qg5+ Ke4 57.Qg4+ Kd3 58.Qf5+ Kd4
59.Qf6+ Kd3 60.Qf5+ Kc3 61.Qe5+ Kb3 62.Qxd5+ Qc4 63.Qf3 Qd3+ 64.Kg8 Kc2 65.Qc6+ Kd2
66.Qh6 Qf5 67.Qd6+ Ke1 68.Qg3+ Qf2 69.Qc7 Kf1 70.Qc1+ Kg2 71.Qc6+ Qf3 72.Qg6+ Qg3
73.Kh8 e2 74.Qe4+ Qf3 75.Qc2 Qf2 76.Qe4+ Qf3 77.Qc2 Kf1 78.Qc4 Qf2 79.Kh7 Qh2+
80.Kg8 Qh3 81.Kg7 Kf2 82.Qc2 Qe3 83.Kh8 Qe5+ 84.Kg8 Qd5+ 85.Kh8 Kf1 86.Qb3 Qe5+  0-1

[Event "Tallinn-B"]
[Site "Tallinn"]
[Date "1989.??.??"]
[Round "?"]
[White "Kiik, Kalle"]
[Black "Rytshagov, Mikhail"]
[Result "1/2-1/2"]
[WhiteElo "2395"]
[BlackElo "2425"]

1.e4 c5 2.Nf3 d6 3.Bb5+ Bd7 4.Bxd7+ Qxd7 5.O-O Nc6 6.c3 Nf6 7.d4 Nxe4 8.d5 Ne5
9.Re1 Nxf3+ 10.Qxf3 Nf6 11.c4 e5 12.dxe6 fxe6 13.Nc3 Be7 14.Qe2 Kf7 15.Bg5 Rhe8
16.Rad1 Rad8 17.Rd3 d5  1/2-1/2

[Event "URS-ch U26"]
[Site "Tbilisi"]
[Date "1989.??.??"]
[Round "?"]
[White "Rozentalis, Eduardas"]
[Black "Oll, Lembit"]
[Result "1/2-1/2"]
[WhiteElo "2485"]
[BlackElo "2510"]

1.e4 c5 2.Nf3 d6 3.Bb5+ Bd7 4.Bxd7+ Qxd7 5.O-O e6 6.c3 Nf6 7.Re1 Be7 8.d4 O-O
9.dxc5 dxc5 10.Qxd7 Nbxd7 11.Na3 Rfc8 12.Nc4 b5 13.Nce5 c4 14.Nxd7 Nxd7 15.Be3  1/2-1/2

[Event "USA-ch"]
[Site "?"]
[Date "1989.??.??"]
[Round "4"]
[White "Fedorowicz, John P"]
[Black "De Firmian, Nick E"]
[Result "1/2-1/2"]
[WhiteElo "2560"]
[BlackElo "2595"]

1.e4 c5 2.Nf3 d6 3.Bb5+ Bd7 4.Bxd7+ Qxd7 5.O-O Nc6 6.c3 Nf6 7.Re1 e6 8.d4 cxd4
9.cxd4 d5 10.e5 Ne4 11.Nbd2 Nxd2 12.Bxd2 Be7 13.Rc1 O-O 14.Re3 f5 15.Rec3 h6
16.h4 Bd8  1/2-1/2

[Event "Legion op"]
[Site "Warsaw"]
[Date "1989.??.??"]
[Round "9"]
[White "Belkhodja, Slim"]
[Black "Packo, Krzysztof"]
[Result "1-0"]
[WhiteElo "2365"]
[BlackElo "2295"]

1.e4 c5 2.Nf3 d6 3.Bb5+ Bd7 4.Bxd7+ Qxd7 5.c4 e5 6.O-O Nc6 7.d3 g6 8.Nc3 Bg7
9.Ne1 Nge7 10.Nc2 f5 11.Bg5 Nc8 12.exf5 Qxf5 13.Ne4 h6 14.Bd2 Qd7 15.f4 N8e7
16.fxe5 Nxe5 17.Ne3 O-O-O 18.Bc3 Rhf8 19.Qe2 Qc6 20.Kh1 Rxf1+ 21.Rxf1 d5
22.cxd5 Nxd5 23.Bxe5 Bxe5 24.Nxd5 Qxd5 25.Rc1 Qxd3 26.Qg4+ Qd7 27.Qf3 Kb8
28.Nxc5 Qd5 29.Qe2 Bf4 30.Rf1 Bc7 31.Ne6 Rc8 32.Nxc7 Rxc7 33.Qg4 Qc4 34.Rf8+  1-0

[Event "Werfen op"]
[Site "Werfen"]
[Date "1989.??.??"]
[Round "8"]
[White "Kovacevic, Dragan"]
[Black "Szalanczy, Emil"]
[Result "1-0"]
[WhiteElo "2270"]
[BlackElo "2400"]

1.e4 c5 2.Nf3 d6 3.Bb5+ Nc6 4.O-O Bd7 5.Re1 a6 6.Bxc6 Bxc6 7.d4 cxd4 8.Nxd4 Nf6
9.Nxc6 bxc6 10.c4 g6 11.Nc3 Bg7 12.Qa4 Qd7 13.Bd2 O-O 14.Rad1 Rfc8 15.Qa3 Qe6
16.b3 Qe5 17.h3 Nh5 18.Na4 Rcb8 19.Qc1 c5 20.g4 Nf6 21.Bf4 Qe6 22.e5 Nxg4
23.exd6 Ne5 24.Bxe5 Bxe5 25.Nxc5 Qf5 26.Rxe5 Qxe5 27.Nd7 Qe6 28.Nxb8 Rxb8
29.Qe3 Qd7 30.Qxe7 Qxh3 31.Qe4 Qd7 32.c5 Rc8 33.b4 a5 34.a3 Qa4 35.Rd3 Re8
36.Qf3 Re1+ 37.Kg2  1-0

[Event "Zenica"]
[Site "Zenica"]
[Date "1989.??.??"]
[Round "3"]
[White "Damljanovic, Branko"]
[Black "Cvitan, Ognjen"]
[Result "1/2-1/2"]
[WhiteElo "2530"]
[BlackElo "2525"]

1.e4 c5 2.Nf3 d6 3.Bb5+ Bd7 4.Bxd7+ Qxd7 5.O-O Nc6 6.Re1 Nf6 7.c3 e6 8.d4 cxd4
9.cxd4 d5 10.e5 Ne4 11.Nbd2 Nxd2 12.Bxd2 Bb4 13.Bxb4 Nxb4 14.Qd2 Nc6 15.Rac1 O-O
16.Rc3 Rfc8  1/2-1/2

[Event "URS-ch qual"]
[Site "Ashkhabad"]
[Date "1990.??.??"]
[Round "?"]
[White "Odeev, Handszar"]
[Black "Korzubov, Peter"]
[Result "0-1"]
[WhiteElo "2305"]
[BlackElo "2455"]

1.e4 c5 2.Nf3 d6 3.Bb5+ Bd7 4.Bxd7+ Nxd7 5.O-O Ngf6 6.Qe2 g6 7.c3 e5 8.d4 Bg7
9.dxe5 dxe5 10.Rd1 Qe7 11.Qb5 b6 12.c4 O-O 13.Nc3 Rad8 14.Bg5 h6 15.Bh4 Nb8
16.Nd5 Qe6 17.Bxf6 Bxf6 18.a4 Rd6 19.a5 Bd8 20.axb6 axb6 21.b4 Nd7 22.Ra7 cxb4
23.Qxb4 Nc5 24.Qe1 g5 25.Nd2 Nd3 26.Qe3 Nf4 27.f3 b5 28.c5 Nxd5 29.Qb3 Nf4  0-1

[Event "AUT-chT"]
[Site "Austria"]
[Date "1990.??.??"]
[Round "?"]
[White "Dueckstein, Andreas"]
[Black "Brestian, Egon"]
[Result "1/2-1/2"]
[WhiteElo "2370"]
[BlackElo "2470"]

1.e4 c5 2.Nf3 d6 3.Bb5+ Bd7 4.Bxd7+ Qxd7 5.O-O Nc6 6.c3 Nf6 7.Re1 e6 8.d4 cxd4
9.cxd4 d5 10.e5 Ne4 11.Nc3 Nxc3 12.bxc3 Na5 13.Re3 Nc4 14.Rd3 O-O-O 15.Nd2 Na5
16.Rf3 Kb8 17.Qe2 Rc8 18.Rb1 Nc4 19.Nxc4 Rxc4 20.Rb3 g6 21.h3 h5 22.Qc2 Bg7
23.Ba3 Rhc8 24.Bd6+ Ka8 25.Qb2 Bf8 26.Bxf8 Rxf8 27.Qa3 Rfc8 28.Rb4 R4c6 29.Ra4 a6
30.Rb4 Qc7  1/2-1/2

[Event "Azov Interzonal (Women)"]
[Site "Azov"]
[Date "1990.??.??"]
[Round "7"]
[White "Madl, Ildiko"]
[Black "Brustman, Agnieszka"]
[Result "0-1"]
[WhiteElo "2390"]
[BlackElo "2325"]

1.e4 c5 2.Nf3 d6 3.Bb5+ Nc6 4.O-O Bd7 5.c3 a6 6.Ba4 Nf6 7.Re1 e5 8.d4 b5
9.Bc2 cxd4 10.cxd4 Be7 11.h3 Qc7 12.Nc3 O-O 13.dxe5 dxe5 14.Nd5 Qd8 15.Be3 Rb8
16.Nxe7+ Qxe7 17.Rc1 Rfd8 18.Qe2 Be6 19.b3 h6 20.Bb1 Qb7 21.Qb2 Nd7 22.Red1 Rbc8
23.Rd6 Re8 24.Qd2 f6 25.a4 Nf8 26.axb5 axb5 27.b4 Bc4 28.Ba2 Ne7 29.Bc5 Bxa2
30.Qxa2+ Kh8 31.Qe2 Nd7 32.Qe3 Nxc5 33.bxc5 Rc6 34.Rcd1 Rec8 35.Rd7 R6c7
36.Rd8+ Kh7 37.Rxc8 Qxc8 38.Rc1 Nc6 39.Rb1 b4 40.Qb3 Rb7 41.Qd5 Rb5 42.Qf7 Rxc5
43.Nh4 Rb5 44.Nf5 Rb7 45.Qc4 Qd7 46.h4 b3 47.Kh2 Nd4 48.Nxd4 exd4 49.Rxb3 Rxb3
50.Qxb3 d3 51.Qd1 d2 52.Kg1 Qd3 53.h5 Kg8 54.f3 Kf7 55.Kf2 Ke6 56.f4 Kd6
57.g3 Kc5 58.e5 fxe5 59.fxe5 Kd5 60.e6 Kxe6 61.Kg2 Kd6 62.Kh2 Kc5 63.Qg1+ Kc4
64.Qd1 Kc3 65.Qa1+ Kb3 66.Qd1+ Kb2  0-1

[Event "Bad Wildbad"]
[Site "Bad Wildbad"]
[Date "1990.??.??"]
[Round "4"]
[White "Bricard, Emmanuel"]
[Black "Bernard, Christophe"]
[Result "1-0"]
[WhiteElo "2385"]
[BlackElo "2335"]

1.e4 c5 2.Nf3 d6 3.Bb5+ Nc6 4.O-O Bd7 5.Re1 Nf6 6.c3 a6 7.Bf1 Bg4 8.d3 e6
9.Nbd2 Be7 10.a3 O-O 11.b4 d5 12.Bb2 dxe4 13.dxe4 Qc7 14.Qe2 Rad8 15.h3 Rxd2
16.Qxd2 Bxf3 17.gxf3 Nh5 18.f4 Nxf4 19.Qe3 Qe5 20.Rad1 cxb4 21.axb4 g5 22.Ba1 Qc7
23.Kh1 Ne5 24.Be2 Neg6 25.Rg1 h6 26.Rge1 Rc8 27.Bf1 Bd6 28.Rb1 Qe7 29.Red1 Be5
30.Rb3 g4 31.c4 Bxa1 32.Rxa1 gxh3 33.c5 Rd8 34.Re1 e5 35.Bxh3 Rd4 36.Bf5 Qh4+
37.Kg1 Qg5+ 38.Qg3 Rd1 39.Rxd1 Ne2+ 40.Kg2 Nxg3 41.Rxg3 Qh5 42.Rg4 Kf8 43.Rh1 Nf4+
44.Rxf4 Qg5+ 45.Rg4 Qd2 46.Rg3 Qxb4 47.Rxh6 Qxc5 48.Rh7 Qc4 49.Rgg7 b5 50.Rxf7+ Qxf7
51.Rxf7+ Kxf7 52.Bg4 b4 53.Bd1 Ke6 54.Kg3 Kd6 55.f4 exf4+ 56.Kxf4 a5 57.Kf5  1-0

[Event "Belgorod"]
[Site "Belgorod"]
[Date "1990.??.??"]
[Round "?"]
[White "Vasiukov, Evgeni"]
[Black "Szekely, Peter"]
[Result "1-0"]
[WhiteElo "2545"]
[BlackElo "2420"]

1.e4 c5 2.Nf3 d6 3.Bb5+ Bd7 4.Bxd7+ Qxd7 5.c4 Nf6 6.Nc3 Nc6 7.O-O g6 8.d4 cxd4
9.Nxd4 Bg7 10.Nc2 O-O 11.Qe2 Rac8 12.Bd2 b6 13.Rad1 Qb7 14.f4 Nd7 15.Kh1 Rfe8
16.Be1 a6 17.Rf3 Nc5 18.Bf2 Rb8 19.b3 Nd7 20.h3 b5 21.cxb5 axb5 22.Nd5 Ra8
23.Nd4 Nxd4 24.Bxd4 Bxd4 25.Rxd4 Nf6 26.f5 Qa7 27.Rd2 Nxd5 28.exd5 Qc5 29.Kh2 b4
30.Qe4 Ra5 31.Qf4 Rf8 32.h4 Raa8 33.h5 f6 34.hxg6 hxg6 35.Qh6  1-0

[Event "Belgorod"]
[Site "Belgorod"]
[Date "1990.??.??"]
[Round "6"]
[White "Gusev, Vladimir A"]
[Black "Howell, James C"]
[Result "1/2-1/2"]
[WhiteElo "2360"]
[BlackElo "2450"]

1.e4 c5 2.Nf3 d6 3.Bb5+ Nc6 4.O-O Bd7 5.Re1 a6 6.Bxc6 Bxc6 7.d4 cxd4 8.Nxd4 e6
9.Nxc6 bxc6 10.c4 Nf6 11.Qf3 Qc7 12.Qg3  1/2-1/2

[Event "Biel-Tbilisi"]
[Site "Biel"]
[Date "1990.??.??"]
[Round "1"]
[White "Chiburdanidze, Maia"]
[Black "Gallagher, Joseph G"]
[Result "1/2-1/2"]
[WhiteElo "2500"]
[BlackElo "2495"]

1.e4 c5 2.Nf3 d6 3.Bb5+ Bd7 4.a4 Nc6 5.O-O e6 6.d4 cxd4 7.Nxd4 Nf6 8.Nc3 Be7
9.a5 Nxd4 10.Qxd4 O-O 11.Bg5 Bxb5 12.Nxb5 a6 13.Nc3 Qc7 14.Rfd1 Rfd8 15.Qa4 Rac8  1/2-1/2

[Event "Biel-B"]
[Site "Biel"]
[Date "1990.??.??"]
[Round "6"]
[White "Campora, Daniel H"]
[Black "Groszpeter, Attila"]
[Result "1-0"]
[WhiteElo "2510"]
[BlackElo "2555"]

1.e4 c5 2.Nf3 d6 3.Bb5+ Bd7 4.Bxd7+ Nxd7 5.O-O Ngf6 6.Qe2 e6 7.c4 Be7 8.Rd1 O-O
9.d4 cxd4 10.Nxd4 a6 11.b3 Qa5 12.Bb2 Qh5 13.Nc3 Qxe2 14.Ndxe2 Rfc8 15.Nd4 Ne8
16.g3 Bf6 17.Kg2 g6 18.Rac1 Nc5 19.Rd2 Bg7 20.Rcd1 Rab8 21.Re2 b5 22.cxb5 Bxd4
23.Rxd4 axb5 24.b4 Nd7 25.f4 Rb7 26.Kf3 Nb8 27.a3 Nc6 28.Rd1 Na7 29.g4 Rbc7
30.Re3 Rc4 31.h4 Kf8 32.h5 Ke7 33.g5 Kd7 34.Rh1 R8c7 35.hxg6 hxg6 36.Rh7 Kc6
37.Rh8 Re7 38.Ne2 e5 39.Rc3 d5 40.exd5+ Kxd5 41.Rd3+ Rd4 42.Rxd4+ exd4 43.Bxd4 Nc6
44.Bc5 Re6 45.Rf8 f5 46.Rf7 Kc4 47.Rd7 Kb3 48.Rd3+ Kc2 49.Rd7 Kb3 50.Rd2 Nc7
51.Nc1+ Kc3 52.Be3 Ne8 53.Ne2+ Kb3 54.Rd3+ Ka2 55.Rc3 Nc7 56.Bc1 Nd5 57.Rc2+ Kb1
58.Rc5 Nce7 59.Bd2 Kb2 60.Nd4 Re4 61.Nxb5 Kb3 62.Bc1 Nb6 63.Rc3+ Ka4 64.Nd6 Rd4
65.Nb7 Nbd5 66.Nc5+ Kb5 67.Rd3 Rxd3+ 68.Nxd3 Kc4 69.Ne5+ Kb3 70.Ke2 Kc2 71.Bd2 Kb3
72.Kd3 Kxa3 73.Kc4  1-0

[Event "Biel-B"]
[Site "Biel"]
[Date "1990.??.??"]
[Round "7"]
[White "Chiburdanidze, Maia"]
[Black "Brunner, Lucas"]
[Result "1/2-1/2"]
[WhiteElo "2500"]
[BlackElo "2475"]

1.e4 c5 2.Nf3 d6 3.Bb5+ Bd7 4.Bxd7+ Qxd7 5.O-O Nc6 6.c3 Nf6 7.d4 Nxe4 8.d5 Ne5
9.Nxe5 dxe5 10.Re1 Nd6 11.Rxe5 g6 12.Bf4 Bg7 13.Re2 O-O 14.Nd2 b5 15.Nb3 Nb7
16.Qe1 Rfe8 17.Rd1 c4 18.Nc1 Rad8 19.Bg5  1/2-1/2

[Event "Bielsko Biala op"]
[Site "Bielsko Biala"]
[Date "1990.??.??"]
[Round "2"]
[White "Bus, Mariusz"]
[Black "Hawelko, Marek"]
[Result "0-1"]
[WhiteElo "2335"]
[BlackElo "2410"]

1.e4 c5 2.Nf3 d6 3.Bb5+ Bd7 4.Bxd7+ Nxd7 5.O-O Ngf6 6.Qe2 e6 7.b3 Be7 8.Bb2 Qc7
9.c4 Ne5 10.Nc3 a6 11.Rad1 O-O 12.d4 Nxf3+ 13.Qxf3 cxd4 14.Rxd4 Rab8 15.Rfd1 Rfd8
16.Ba3 Ne8 17.Bb2 Bf6 18.R4d2 b5 19.cxb5 axb5 20.Ne2 Bxb2 21.Rxb2 Rdc8 22.Qf4 Rb6
23.Rc1 Rc6 24.Rxc6 Qxc6 25.h3 Qc5 26.Rb1 Qb4 27.Rc1 Rxc1+ 28.Nxc1 Nf6 29.f3 Qd4+
30.Kh2 h6 31.Ne2 Qb2 32.Nc1 e5 33.Qe3 Nh5 34.Nd3 Qxa2 35.Nb4 Qb2 36.Nd5 Nf4
37.Nxf4 exf4 38.Qxf4 Qxb3 39.Qxd6 Qc4 40.f4 b4 41.Qb8+ Kh7 42.Qb7 g6 43.h4 h5
44.f5 gxf5 45.exf5 Qxh4+ 46.Kg1 Qe1+ 47.Kh2 Qh4+ 48.Kg1 Qd4+ 49.Kh2 Kg7 50.Qe7 Qf4+
51.Kg1 b3 52.Qc5 Qb8 53.Qd4+ Kg8 54.Qe3 Kh7 55.Qe7 Qb6+ 56.Kh1 b2 57.Qxf7+ Kh6
58.Qf8+ Kg5 59.Qg8+ Kf4 60.Qc4+ Kg5 61.Qg8+ Kf4 62.Qc4+ Ke5 63.Qc3+ Qd4 64.Qc7+ Kd5
65.Qf7+ Kc5 66.Qc7+ Kb4 67.Qb7+ Kc3 68.Qc7+ Kd2 69.Qa5+ Ke2  0-1

[Event "Utasellato IM-A"]
[Site "Budapest"]
[Date "1990.??.??"]
[Round "7"]
[White "Vujosevic, Vladimir"]
[Black "Orso, Miklos"]
[Result "1/2-1/2"]
[WhiteElo "2340"]
[BlackElo "2390"]

1.e4 c5 2.Nf3 d6 3.Bb5+ Bd7 4.Bxd7+ Qxd7 5.c4 e5 6.Nc3 Nc6 7.d3 g6 8.Nd5 Nce7
9.O-O Nxd5 10.cxd5 Bg7 11.a4 Nf6 12.Nd2 O-O 13.Nc4 Nh5 14.Rb1 Rfb8 15.b4 b6
16.bxc5 bxc5 17.Be3 Bf8 18.Qc2 Qc7  1/2-1/2

[Event "Elekes mem"]
[Site "Budapest"]
[Date "1990.??.??"]
[Round "11"]
[White "Tseitlin, Mikhail S"]
[Black "Roeder, Mathias"]
[Result "1/2-1/2"]
[WhiteElo "2465"]
[BlackElo "2450"]

1.e4 c5 2.Nf3 d6 3.Bb5+ Bd7 4.Bxd7+ Qxd7 5.O-O Nc6 6.c4 Nf6 7.Nc3 g6 8.d3 Bg7
9.Bg5 O-O 10.Qd2 Ne8 11.Bh6  1/2-1/2

[Event "Utasellato IM-B"]
[Site "Budapest"]
[Date "1990.??.??"]
[Round "11"]
[White "Fette, Martin"]
[Black "Sherzer, Alex"]
[Result "1-0"]
[WhiteElo "2360"]
[BlackElo "2440"]

1.e4 c5 2.Nf3 d6 3.Bb5+ Bd7 4.Bxd7+ Nxd7 5.O-O Ngf6 6.Qe2 e6 7.b3 Be7 8.Bb2 O-O
9.c4 a6 10.d4 cxd4 11.Nxd4 Re8 12.Nc3 Rc8 13.Rad1 Qc7 14.f4 Bf8 15.Nf3 g6
16.Kh1 Rcd8 17.e5 Nh5 18.Ng5 h6 19.Nxf7 Kxf7 20.f5 exf5 21.Nd5 Qc6 22.Rxf5+ Kg8
23.Rxh5 gxh5 24.e6 Ne5 25.Nf6+ Kh8 26.Qc2 Qc7 27.Bxe5 Re7 28.Nd5+ dxe5 29.Nxc7 Rd4
30.Rxd4 exd4 31.Qf5  1-0

[Event "Buenos Aires FMDA"]
[Site "Buenos Aires"]
[Date "1990.??.??"]
[Round "3"]
[White "Zarnicki, Pablo"]
[Black "Lida, Fidel Ernesto"]
[Result "1/2-1/2"]
[WhiteElo "2390"]
[BlackElo "2325"]

1.e4 c5 2.Nf3 d6 3.Bb5+ Bd7 4.Bxd7+ Qxd7 5.O-O Nf6 6.e5 dxe5 7.Nxe5 Qc7 8.d4 e6
9.Bf4 Qb6 10.dxc5 Bxc5 11.Nc4 Qa6 12.b3 O-O 13.Be5 Nbd7 14.Bb2 Qc6 15.Qe2 Rac8
16.Nbd2 a6 17.a4 Bb4 18.a5 Rfd8 19.Rfd1 Bf8 20.Nf3 Nc5 21.Nb6 Rxd1+ 22.Rxd1 Re8
23.Ne5 Qc7 24.b4 Nce4 25.Ned7 Nxd7 26.Rxd7 Qc6 27.Rd4 Nc3 28.Qd3 Nd5 29.Nxd5 exd5
30.g3 Re1+ 31.Kg2 Re4 32.Bc3 h6 33.f3  1/2-1/2

[Event "Cannes op"]
[Site "Cannes"]
[Date "1990.??.??"]
[Round "3"]
[White "Haik, Aldo"]
[Black "Payen, Arnaud"]
[Result "1-0"]
[WhiteElo "2400"]
[BlackElo "2270"]

1.e4 c5 2.Nf3 d6 3.Bb5+ Nc6 4.O-O Bd7 5.c3 Nf6 6.Re1 a6 7.Ba4 b5 8.Bb3 Bg4
9.d3 e6 10.Nbd2 Be7 11.h3 Bh5 12.Nf1 Ne5 13.Ng3 Bxf3 14.gxf3 c4 15.dxc4 bxc4
16.Bxc4 Nxc4 17.Qa4+ Nd7 18.Qxc4 O-O 19.Qe2 Qa5 20.f4 Rab8 21.Be3 Rfc8 22.f5 Bf6
23.fxe6 fxe6 24.Qg4 Kf7 25.Rad1 Rc6 26.f4 Ke7 27.e5 dxe5 28.Nh5 Rf8 29.Nxf6 Nxf6
30.Qxg7+ Rf7 31.Qg5 h6 32.Qxe5 Nd5 33.Bf2  1-0